| 000 | 00499nam a22001937a 4500 | ||
|---|---|---|---|
| 003 | CEME | ||
| 005 | 20210628203510.0 | ||
| 008 | 210126b xxu||||| |||| 00| 0 eng d | ||
| 020 | _a007-233970-5 | ||
| 040 | _c. | ||
| 082 | _a368 HAR | ||
| 100 |
_aHarrington, Scott E:Niehaus, Gregory R _965835 |
||
| 245 | _aRisk management and insurance | ||
| 250 | _a2ND | ||
| 260 |
_aNEW YORK _bMCGRAW HILL _c2004 |
||
| 300 | _aXXIV,668P | ||
| 650 |
_aRISK MANAGEMENT.INSURANCE _965836 |
||
| 942 |
_cBK _2ddc |
||
| 999 |
_c573934 _d573934 |
||